Fight Club - Burn Monologue - Statistics

General Stats
  • This quiz has been taken 162 times
    158 since last reset
  • The average score is 101 of 260
Answer Stats
Answer % Correct
a
94%
I
86%
you
76%
You
76%
No!
70%
No,
70%
the
70%
The
70%
do
62%
is
62%
me,
61%
me!
61%
me
61%
It
60%
it
60%
it!
60%
not!
59%
not
59%
to
59%
we
55%
We
55%
are
54%
So
54%
In
53%
what
53%
have
52%
This
52%
this
52%
am
51%
burn.
51%
burn
51%
don't
51%
Don't
51%
don't,
51%
He
51%
he
51%
be
49%
of
49%
on!
49%
will
49%
and
48%
your
47%
can
46%
chemical
43%
how
43%
know,
43%
know
43%
Like
43%
like
43%
my
43%
that
43%
for
41%
does
40%
pain
39%
hurt
38%
If
38%
all
37%
or
37%
Or
37%
God
36%
God?
36%
at
34%
you're
34%
I'm
33%
leave
32%
with
32%
going
31%
let
31%
out
31%
scar
31%
soap
31%
first
30%
First
30%
make
30%
any
29%
die
29%
Look
29%
vinegar
29%
It's
28%
life
28%
need
28%
Our
28%
our
28%
thing
28%
was
28%
water
28%
were
28%
everything
26%
feels!
26%
him
26%
more
26%
some
26%
than
26%
up!
26%
up.
26%
Fuck
25%
fuck
25%
give
25%
neutralize
25%
Oh
25%
gonna
24%
hand!
24%
hand
24%
about
23%
get
23%
man,
23%
man
23%
nothing.
23%
off
23%
people
23%
Please
23%
please!
23%
cave
22%
hates
22%
only
22%
into
21%
moment
21%
those
21%
use
21%
way
21%
would
21%
free
20%
from
20%
missing
20%
shut
20%
Shut
20%
tell
20%
day
18%
dead
18%
Listen
18%
Listen!
18%
after
17%
anything
17%
greatest
17%
worse
17%
animal
16%
fathers
16%
lose
16%
made
16%
monkey
16%
never
16%
over
16%
probability
16%
children?
15%
find
15%
space
15%
burning
14%
Come
14%
deal
14%
fear
14%
models
14%
power
14%
shot
14%
Stay
14%
unwanted
14%
Without
14%
ashes
13%
God's
13%
point
13%
run
13%
somewhere
13%
agree!
11%
feeling
11%
sacrifice
11%
damnation,
10%
else
10%
happen
10%
heroes
10%
wanted
10%
isn't?
9%
possibility
9%
worst
9%
consider
8%
premature
8%
redemption
8%
bailed
7%
enlightenment
6%
No matching quizzes found
Score Distribution
Percent of People with Each Score
Percentile by Number Answered
Your Score History
You have not taken this quiz since the last reset